000 00302nam a2200121Ia 4500
005 20260326235449.0
008 260326s9999||||xx |||||||||||||| ||und||
100 _aBaker, Martha
245 4 _aThe Swimming Pool /
_cMartha Baker
260 _bClarkson Potter Publishers
650 _aPISCINAS
942 _cBK
999 _c7677
_d7677